000 00615nam a2200241Ia 4500
003 OSt
005 20220924145740.0
006 a|||||r|||| 00| 0
007 ta
008 220923b |||||||| |||| 00| 0 tel d
020 _c75.00
024 _a330065
037 _cTextual
040 _aARTS
_cARTS
_btel
041 _2tel
_atel
082 _a015,1A2, 35N1
100 _aSastri Subramanya Au.
_9220479
245 0 _aMahabharata charitamu
260 _c1991
650 _aSANSKRIT LITERATURE
942 _h015,1A2, 35N1
_cTEXL
_2CC
999 _c461039
_d461039